Statistics for European Geography by Letter - R

Click here to take the quiz!

General Stats

  • This quiz has been taken 58 times
    (57 since last reset)
  • The average score is 13 of 20

Answer Stats

HintAnswer% Correct
Capital of an empire in antiquity which ruled the entire MediterraneanRome
100%
Largest country in the worldRussia
100%
People group who originated in India and migrated to Europe in the Middle AgesRomani
98%
Dutch city with the busiest port in EuropeRotterdam
98%
Capital of IcelandReykjavík
96%
Capital of LatviaRiga
96%
River flowing through Switzerland, Liechtenstein, Austria, Germany, France, and the NetherlandsRhine
95%
Greek island which was home to one of the Seven Wonders of the Ancient World, the ColossusRhodes
91%
The Carpathian Mountains are mostly located in this countryRomania
84%
Largest urban area in Germany, including the cities of Dortmund, Essen, Duisburg, and moreRuhr
78%
River in Switzerland and France that is sourced by a glacier and ends at the Mediterranean SeaRhône
71%
Least-spoken official language of SwitzerlandRomansh
71%
City in northern France that was one of the largest cities in Medieval EuropeRouen
51%
Capital of the French administrative region of BrittanyRennes
47%
Letters used in the alphabets of Germanic languages before they adopted the Latin alphabetRunes
45%
Italian city that was the final capital of the above empireRavenna
40%
Former name of the Croatian city of DubrovnikRagusa
29%
Uninhabited islet in the North Atlantic Ocean that, in 1955, became the last territory to be annexed by the British EmpireRockall
13%
East Slavic language spoken in Carpathian Ruthenia, sometimes considered a dialect of UkrainianRusyn
13%
French-speaking region of western SwitzerlandRomandy
5%

Score Distribution

Percentile by Number Answered

Percent of People with Each Score

Your Score History

You have not taken this quiz since the last reset